000 01659cam a22003618a 4500
001 13695512
003 EG-ScBUE
005 20220308115024.0
008 040823s2005 nyu f 000 1 eng d
020 _a9780060751579
040 _aDLC
_beng
_erda
_cDLC
_dDLC
_dEG-ScBUE
041 1 _aeng
_hspa
082 0 4 _a863.64
_222
_bGAR
100 1 _aGarcía Márquez, Gabriel,‏
_d1927-2014,
_eauthor.
_915523
245 1 0 _aNo one writes to the colonel and other stories /
_cGabriel García Márquez ; translated from the Spanish by J.S. Bernstein.
264 1 _aNew York :
_bPerennial Classics,
_c2005.
300 _a170 pages :
_c20 cm
336 _2rdacontent
_atext
_btxt
337 _2rdamedia
_aunmediated
_bn
338 _2rdacarrier
_avolume
_bnc
505 0 _aNo one writes to the colonel -- Big Mama's funeral -- Tuesday siesta -- One of these days -- There are no thieves in this town -- Balthazar's marvelous afternoon -- Montiel's widow -- One day after Saturday -- Artificial roses -- Big Mama's funeral.
546 _aText in English ; translated from the Spanish.
650 7 _aSpanish fiction
_xTranslations into English.
_2BUEsh
651 7 _aColombia
_xSocial conditions
_vFiction.
_2BUEsh
653 _bHHUUEENN
_cMarch2022
655 _vReading book
_934232
700 1 _aBernstein, J. S.,
_etranslator.
_915525
700 1 2 _aGarcia Marquez, Gabriel,
_d1928-
_tFunerales de la Mama Grande.
_lEnglish.
_915526
856 4 2 _3Publisher description
_uhttp://www.loc.gov/catdir/enhancements/fy0910/2004051256-d.html
942 _2ddc
_cBB
999 _c14301
_d14301